Responses for Show #968 - Wednesday, November 16, 1988

1988 Tournament of Champions semifinal game 3.

Contestants

[<< previous game]

Sandra Gore, a researcher originally from Boston, Massachusetts

Steven Popper, an economist originally from Minneapolis, Minnesota

Richard Perez-Pena, a journalist originally from Cuba

[next game >>]

Jeopardy! Round responses

PLAYS
AVIATION
FOOD
HOLIDAYS & OBSERVANCES
PIRATES
JOLLY "ROGER"S
    $100 6
English

Steven
    $100 1
Charles Lindbergh

Steven
    $100 8
flour

Steven
    $100 27
Boxing Day

Sandra
    $100 19
Mediterranean

Sandra
    $100 25
Roger Rabbit

Sandra
    $200 7
George M. Cohan

Sandra
    $200 2
Germany

Richard
    $200 12
the Jerusalem artichoke

Steven
    $200 28
Sadie Hawkins Day

Sandra
    $200 20
Shanghaiing

Steven
    $400 24
(Alex: Less than a minute to go.)

[The song was reprised going into the break.]

Roger Miller

Steven
    $300 9
(The) Three Sisters

Richard
    $300 3
vertically

Steven
    $300 17
how to thicken a sauce

Sandra
    $300 29
bulls

Richard
    $300 18
a privateer

Steven
    $300 23
Sally Rogers

Steven
    $400 13
Breakfast at Tiffany's

Sandra
    $400 4
lift

Steven
    $400 16
mashed potatoes

Steven
    $400 30
the landing of the Mayflower

Steven
    $400 21
Captain William Kidd

Steven
    $400 10
Roger C. Carmel

Triple Stumper
    $500 14
Sophocles

Sandra
    $500 5
the English Channel

Steven
    $500 15
(Richard: What are eggs?)

butter

RichardSteven
    $500 26
May

Triple Stumper
    $500 22
Anne Bonney (or Mary Read)

Triple Stumper
    $500 11
Wayne Rogers

Sandra

Scores at the first commercial break (after clue 16):

Richard Steven Sandra
$0 $2,600 $1,600

Scores at the end of the Jeopardy! Round:

Richard Steven Sandra
$300 $4,600 $2,400

Double Jeopardy! Round responses

"C" IN GEOGRAPHY
AUTHORS
THE CABINET
CLASSICAL MUSIC
HISTORY
FAMOUS WOMEN
    $200 20
Como

Steven
    $200 18
F. Scott Fitzgerald

Richard
    $200 30
Treasury Department

Steven
    $200 1
Baton

Sandra
    $200 7
King Hussein (I)

Sandra
    $200 2
Margaret Rutherford

Steven
    $400 21
Christchurch

Richard
    $400 25
Rudyard Kipling

Richard
    $400 29
(S: What is the Soviet Union?)

United Nations

RichardSteven
    $400 3
Pitch

Sandra
    $400 10
the Confederacy

Richard
    $400 8
Mary Quant

Sandra
    $600 22
Chichen Itza

Triple Stumper
    $600 26
Don Marquis

Sandra
    $600 19
Caspar Weinberger

Steven
    $1,500 4
Johannes Brahms

Sandra
    $600 11
Mahatma Gandhi

Sandra
    $600 9
Marie Antoinette

Steven
    $800 23
Camembert

Sandra
    $3,000 27
Barbara Cartland

Sandra
    $800 17
FDR

Sandra
    $800 5
Niccolo Paganini

Sandra
    $800 14
Sir Walter Raleigh

Richard
    $800 12
Barbara Mikulski

Richard
    $1000 24
Charlottetown

Sandra
    $1000 28
Ivan Turgenev

Steven
    $1000 16
William P. Rogers

Richard
    $1000 6
Ignace Jan Paderewski

Steven
    $1000 15
Ear

Richard
    $1000 13
St. Rose of Lima

Triple Stumper

Scores at the end of the Double Jeopardy! Round:

Richard Steven Sandra
$5,700 $8,000 $12,700

[wagering suggestions for these scores]

Final Jeopardy! Round responses

MAN IN SPACE
RichardWho is Alan Shepard?
$5,700
StevenWho was Grissom?
$400
SandraWho was Scott Carpenter?
$3,301
(Malcolm) Scott Carpenter

Final scores:

Richard Steven Sandra
$0 $7,600 $16,001
3rd place: $5,000 2nd place: $5,000 Finalist

Game dynamics:

Coryat scores:

Richard Steven Sandra
$5,700 $7,800 $9,600
12 R,
1 W
22 R
(including 1 DD),
1 W
21 R
(including 2 DDs),
0 W

Combined Coryat: $23,100

[game clues] [game scores] [suggest correction]

Game tape date: 1988-10-25
The J! Archive is created by fans, for fans. Scraping, republication, monetization, and malicious use prohibited; this site may use cookies and collect identifying information. See terms. The Jeopardy! game show and all elements thereof, including but not limited to copyright and trademark thereto, are the property of Jeopardy Productions, Inc. and are protected under law. This website is not affiliated with, sponsored by, or operated by Jeopardy Productions, Inc. Join the discussion at JBoard.tv.